[Event "Madrid Vicalvaro op"]
[Site "Madrid"]
[Date "2022.06.12"]
[Round "6"]
[White "Pena De Jose, Juan Francisco"]
[Black "Alonso Gutierrez, Anastasio"]
[Result "1-0"]
[WhiteElo "1505"]
[BlackElo "1797"]
[PlyCount "71"]
[EventDate "2022.05.08"]
[EventType "swiss"]
[EventRounds "7"]
[EventCountry "ESP"]
[SourceTitle "EXT 2024"]
[Source "ChessBase"]
[SourceDate "2023.10.10"]
[SourceVersion "1"]
[SourceVersionDate "2023.10.10"]
[SourceQuality "1"]

1. e4 e5 2. Nf3 Nc6 3. Bc4 Nf6 4. d3 Be7 5. a3 d6 6. h3 0-0 7. 0-0 d5 8. exd5 Nxd5 9. Bd2 Bf6 10. Bxd5 Qxd5 11. Nc3 Qd8 12. Ne4 Be7 13. Bc3 f5 14. Ng3 Bf6 15. Nh5 g6 16. Nxf6+ Qxf6 17. Re1 Bd7 18. Nxe5 Nxe5 19. Rxe5 Qf7 20. Qf3 Bc6 21. Qf4 Rad8 22. Rae1 Rfe8 23. Rxe8+ Rxe8 24. Rxe8+ Qxe8 25. Qxc7 Qd7 26. Qb8+ Kf7 27. Qxa7 Qd5 28. f3 Qe6 29. Kf2 Qe7 30. Qd4 Ke8 31. Qe5 Qxe5 32. Bxe5 Kf7 33. f4 Ke6 34. c4 g5 35. g3 g4 36. h4 1-0